LEADER 01170nam a2200229 u 4500 001 000000120536 003 CaOOAMICUS 005 20100304164911.0 008 100304s2009 it m u000 u ita u 040 $aIPA$bita$dPUL$dLDA 100 1 $aColnago, Filippo.$0(OLS)http://pul/name/75391 245 12$aI carmi di Giovanni Scoto l'Eriugena :$bcontesto storico-culturale-teologico, analisi testuale e teologica, testo e traduzione /$cFilippo Colnago. 260 $aRomae :$b[s.n.],$c2009. 300 $a106 p.$c24 cm 500 $aIn testa al front.: Pontificia Universitas Lateranensis. Institutum Patristicum Augustinianum. 502 $aExcerpta ex Diss. ad Doctoratum in Theologiae et Scientiis Patristicis--Istituto Patristico Augustinianum, 2009. 504 $aBibliografia: [51]-99. 850 $aPUL 852 $aPUL$W1$xDP1 Tesi Ist. Augustinianum$y31$m2009 B 2$j133320$qTesi$B137376$CPULBib$Z2$F137376 $82 941 1 $a16 996 $6245$aI carmi di Giovanni Scoto l'Eriugena :$bcontesto storico-culturale-teologico, analisi testuale e teologica, testo e traduzione$9(OLS)http://pul/title/151591 996 $6260$aRomae :$b[s.n.]$9(OLS)http://pul/publisher/48223 LEADER 01582nam a2200349 a 4500 001 000000137226 003 CaOOAMICUS 005 20220621152648.0 008 140210s2013 it u000 u ita r 020 $a978-88-311-9393-1 032 $aLibriCat 040 $aPUL$bita 041 1 $aita$heng 082 04$a220.705 130 0 $a1-2 Kings, 1-2 Chronicles, Ezra, Nehemiah, Esther.$lItaliano.$0(OLS)http://pul/title/173714 245 10$a1-2 Re ; 1-2 Cronache ; Esdra ; Neemia ; Ester /$ca cura di Marco Conti ; con la collaborazione di Gianluca Pilara ; introduzione generale di Angelo Di Berardino. 260 $aRoma :$bCittà Nuova,$c2013. 300 $a511 p. ;$c25 cm. 490 1 $aLa Bibbia commentata dai Padri.$aAntico Testamento ;$v04 504 $aInclude indici. 630 04$aBiblia.$pV.T.$xCommenti.$0(OLS)http://pul/subject/5910 700 1 $aConti, Marco.$0(OLS)http://pul/name/34384 700 1 $aPilara, Gianluca.$0(OLS)http://pul/name/64262 830 3$aLa Bibbia commentata dai Padri.$pAntico Testamento ;$v04.$0(OLS)http://pul/title/104365 850 $aPUL 852 $aPUL$W1$xSL Religione 3$y85$m220. 705 COLL 1.4$j158241$qDDC 21$B157709$CPULBib$Z2$F157709 $H123408 $82 941 1 $a9 996 $6020$a978-88-311-9393-1$9(OLS)http://pul/number/154399 996 $6082$a220.705$9(OLS)http://pul/classification/633 996 $6245$a1-2 Re ; 1-2 Cronache ; Esdra ; Neemia ; Ester$9(OLS)http://pul/title/173713 996 $6260$aRoma :$bCittà Nuova$9(OLS)http://pul/publisher/47927